000 00346nam a2200169Ia 4500
003 0STCL
008 150530s9999 xx 000 0 und d
040 _aSTCL
_cSTCL
100 _aMitford
245 _aOur village
250 _a1949
260 _c1949
546 _aEnglish
942 _2ddc
_cBK
999 _c61093
_d61093
005 20220125171146.0